| 000 | 00405nam a2200145 a 4500 | ||
|---|---|---|---|
| 001 | 000017504 | ||
| 005 | 20200929165132.0 | ||
| 008 | 100326s1982 dr 000 0 spa d | ||
| 040 |
_aDO-SdBNP _bspa _cBNPHU |
||
| 082 |
_axxx _bI59a |
||
| 245 | 0 | 0 | _aInstructivo para el alfabetizador. |
| 260 |
_aSanto Domingo : _bUnión Nacional de Colegios Catolicos, _c1982. |
||
| 300 |
_a43 p. ; _c22 cm. |
||
| 049 | _aBNPD | ||
| 999 |
_c17029 _d17029 |
||